[Event "Titled Tuesday 2022.06.14 Early"]
[Site "chess.com INT"]
[Date "2022.06.14"]
[Round "3"]
[White "Samsonkin, Artiom"]
[Black "Borgaonkar, Akshay"]
[Result "1-0"]
[WhiteElo "2428"]
[BlackElo "2026"]
[PlyCount "71"]
[EventDate "2022.06.14"]
[EventType "swiss (blitz)"]
[EventRounds "11"]
[EventCountry "NET"]
[Source "Mark Crowther"]
[SourceDate "2022.06.20"]

1. d4 Nf6 2. Nf3 d5 3. Bf4 Bf5 4. e3 e6 5. c4 c6 6. Qb3 Qb6 7. c5 Qxb3 8. axb3
Nbd7 9. b4 a6 10. b5 cxb5 11. Bxb5 Bxb1 12. Bxd7+ Kxd7 13. Rxb1 Ne4 14. Ne5+
Ke8 15. f3 Nf6 16. b4 Nd7 17. O-O Nxe5 18. Bxe5 f6 19. Bg3 Kd7 20. b5 axb5 21.
Rxb5 Kc8 22. Rfb1 Ra7 23. Rb6 e5 24. c6 bxc6 25. dxe5 fxe5 26. Rb8+ Kd7 27.
Bxe5 Ke6 28. Bd4 Rf7 29. Rc1 c5 30. Rb6+ Kf5 31. Bxc5 Rc7 32. g4+ Kg5 33. h4+
Kxh4 34. Kg2 Bxc5 35. Rh1+ Kg5 36. Rh5# 1-0

[Event "Titled Tuesday 2022.06.14 Early"]
[Site "chess.com INT"]
[Date "2022.06.14"]
[Round "7"]
[White "Adla, D."]
[Black "Samsonkin, Artiom"]
[Result "1-0"]
[WhiteElo "2407"]
[BlackElo "2428"]
[PlyCount "47"]
[EventDate "2022.06.14"]
[EventType "swiss (blitz)"]
[EventRounds "11"]
[EventCountry "NET"]
[Source "Mark Crowther"]
[SourceDate "2022.06.20"]

1. c4 g6 2. Nc3 Bg7 3. d4 Nf6 4. e4 d6 5. Be2 O-O 6. Bg5 c6 7. Qd2 Nbd7 8. h4
h5 9. Nh3 Nh7 10. Bh6 e5 11. d5 Qxh4 12. O-O-O Bxh6 13. Qxh6 Nc5 14. b4 Nxe4
15. Nxe4 Bxh3 16. f3 cxd5 17. Rxh3 Qd8 18. Rxd5 a5 19. Rxd6 Qc7 20. g4 axb4 21.
gxh5 Rxa2 22. hxg6 fxg6 23. Rxg6+ Kh8 24. Qxf8# 1-0

[Event "Titled Tuesday 2022.06.14 Early"]
[Site "chess.com INT"]
[Date "2022.06.14"]
[Round "8"]
[White "Samsonkin, Artiom"]
[Black "Maiorov, N1."]
[Result "0-1"]
[WhiteElo "2428"]
[BlackElo "2474"]
[PlyCount "100"]
[EventDate "2022.06.14"]
[EventType "swiss (blitz)"]
[EventRounds "11"]
[EventCountry "NET"]
[Source "Mark Crowther"]
[SourceDate "2022.06.20"]

1. e4 c6 2. Nc3 d5 3. Nf3 Bg4 4. h3 Bxf3 5. Qxf3 e6 6. d4 Nf6 7. Bd3 Be7 8. e5
Nfd7 9. Qg3 g6 10. Ne2 c5 11. c3 Nc6 12. O-O Qb6 13. Be3 cxd4 14. cxd4 Nb4 15.
Bh6 Bf8 16. Bd2 Be7 17. a3 Nxd3 18. Qxd3 O-O 19. b4 Rfc8 20. Rac1 a6 21. Nc3
Rc4 22. Be3 Rac8 23. Ne2 Qb5 24. Qd2 Nb6 25. Bg5 Bf8 26. Bh6 Rxc1 27. Nxc1 Nc4
28. Qf4 Bxh6 29. Qxh6 Nxa3 30. h4 Nc2 31. Nb3 Qxb4 32. Nc5 Qb5 33. Qf4 b6 34.
Nb7 Qd7 35. Nd6 Rc3 36. h5 Qe7 37. h6 Rc6 38. Rc1 Nxd4 39. Rxc6 Nxc6 40. Nc8
Qd8 41. Nd6 Qe7 42. Qa4 Nxe5 43. Nc8 Qd7 44. Qxa6 Ng4 45. Qa8 Qe8 46. Ne7+ Kf8
47. Qa3 Qxe7 48. Qa8+ Qe8 49. Qa3+ Kg8 50. Qc3 Nxh6 0-1

[Event "Titled Tuesday 2022.06.14 Early"]
[Site "chess.com INT"]
[Date "2022.06.14"]
[Round "9"]
[White "Samsonkin, Artiom"]
[Black "Ljukin, S."]
[Result "1-0"]
[WhiteElo "2428"]
[BlackElo "2362"]
[PlyCount "59"]
[EventDate "2022.06.14"]
[EventType "swiss (blitz)"]
[EventRounds "11"]
[EventCountry "NET"]
[Source "Mark Crowther"]
[SourceDate "2022.06.20"]

1. d4 d5 2. Nf3 Nf6 3. Bf4 c5 4. e3 Nc6 5. c3 Qb6 6. Qc2 Bg4 7. Nbd2 e6 8. Ne5
Be7 9. dxc5 Bxc5 10. Bd3 O-O 11. Nxg4 Nxg4 12. Bxh7+ Kh8 13. Bd3 e5 14. Bg3
Bxe3 15. fxe3 Nxe3 16. Qa4 Nxg2+ 17. Kf1 Ne3+ 18. Ke2 e4 19. Bb5 Ng4 20. Bxc6
bxc6 21. Qd4 Qxb2 22. h3 Nh6 23. Raf1 Rae8 24. Be5 f6 25. Bxf6 gxf6 26. Rxf6
Kh7 27. Rg1 e3 28. Rxf8 Qxd2+ 29. Qxd2 exd2+ 30. Rxe8 1-0

[Event "Titled Tuesday 2022.06.14 Early"]
[Site "chess.com INT"]
[Date "2022.06.14"]
[Round "10"]
[White "Toncheva, Nadya"]
[Black "Samsonkin, Artiom"]
[Result "0-1"]
[WhiteElo "2228"]
[BlackElo "2428"]
[PlyCount "64"]
[EventDate "2022.06.14"]
[EventType "swiss (blitz)"]
[EventRounds "11"]
[EventCountry "NET"]
[Source "Mark Crowther"]
[SourceDate "2022.06.20"]

1. e4 e5 2. Nf3 Nc6 3. d4 exd4 4. Bc4 Bc5 5. c3 Nf6 6. e5 d5 7. Bb5 Ne4 8. cxd4
Bb6 9. Nc3 O-O 10. O-O Bg4 11. Bxc6 bxc6 12. Be3 f6 13. Ne2 Qe8 14. exf6 Bxf3
15. fxg7 Qg6 16. gxf8=Q+ Rxf8 17. Ng3 Bxd1 18. Raxd1 Nxg3 19. hxg3 Qd6 20. a3
c5 21. Bf4 Rxf4 22. gxf4 cxd4 23. g3 c5 24. Rfe1 c4 25. Re5 d3 26. Kf1 Bd4 27.
Re8+ Kf7 28. Rde1 d2 29. R1e7+ Qxe7 30. Rxe7+ Kxe7 31. Ke2 Bxb2 32. Kxd2 Bxa3
0-1

[Event "Titled Tuesday 2022.06.14 Early"]
[Site "chess.com INT"]
[Date "2022.06.14"]
[Round "11"]
[White "Samant, Aditya S"]
[Black "Samsonkin, Artiom"]
[Result "1/2-1/2"]
[WhiteElo "2433"]
[BlackElo "2428"]
[PlyCount "89"]
[EventDate "2022.06.14"]
[EventType "swiss (blitz)"]
[EventRounds "11"]
[EventCountry "NET"]
[Source "Mark Crowther"]
[SourceDate "2022.06.20"]

1. e4 e5 2. Nf3 Nc6 3. d4 exd4 4. Bc4 Bc5 5. c3 Nf6 6. e5 d5 7. Be2 Ne4 8. cxd4
Bb6 9. O-O O-O 10. Nc3 Bg4 11. Be3 f6 12. exf6 Nxc3 13. bxc3 Qxf6 14. h3 Bh5
15. Qc2 h6 16. Rfe1 Rae8 17. Nh2 Bxe2 18. Rxe2 Na5 19. Ng4 Qf5 20. Qxf5 Rxf5
21. Rae1 h5 22. Ne5 Nc4 23. Nxc4 dxc4 24. g4 hxg4 25. hxg4 Ra5 26. Bf4 Rxe2 27.
Rxe2 Ra3 28. Re3 Rxa2 29. Re7 Kf8 30. Rd7 Rc2 31. Be5 g6 32. Bxc7 Ke8 33. Rg7
Bxc7 34. Rxc7 b5 35. Rxa7 Rxc3 36. Rb7 Rb3 37. Kf1 c3 38. Ke2 b4 39. Kd3 Rb2
40. Rc7 Kd8 41. Rc4 Rd2+ 42. Ke3 Rb2 43. Kd3 Rb1 44. Kc2 Rb2+ 45. Kd3 1/2-1/2

[Event "Titled Tuesday 2022.04.19 Early"]
[Site "chess.com INT"]
[Date "2022.04.19"]
[Round "4"]
[White "Ingebretsen, Jens E"]
[Black "Samsonkin, Artiom"]
[Result "1-0"]
[WhiteElo "2315"]
[BlackElo "2428"]
[PlyCount "41"]
[EventDate "2022.04.19"]
[EventType "swiss (blitz)"]
[EventRounds "11"]
[EventCountry "NET"]
[Source "Mark Crowther"]
[SourceDate "2022.04.25"]

1. e4 c5 2. Nf3 d6 3. Bb5+ Nd7 4. O-O a6 5. Bd3 Ngf6 6. a4 g6 7. c3 Bg7 8. Bc2
b6 9. d4 cxd4 10. cxd4 Bb7 11. Nc3 O-O 12. Re1 b5 13. e5 dxe5 14. dxe5 Ng4 15.
e6 fxe6 16. Ng5 Qb6 17. Be3 Qc7 18. Qxg4 Ne5 19. Qxe6+ Kh8 20. Qh3 h5 21. Bxg6
1-0

[Event "Titled Tuesday 2021.12.14"]
[Site "chess.com INT"]
[Date "2021.12.14"]
[Round "1"]
[White "Samsonkin, Artiom"]
[Black "Shuvalov, E."]
[Result "1/2-1/2"]
[WhiteElo "2428"]
[BlackElo "2182"]
[PlyCount "102"]
[EventDate "2021.12.14"]
[EventType "swiss (blitz)"]
[EventRounds "11"]
[EventCountry "NET"]
[Source "Mark Crowther"]
[SourceDate "2021.12.20"]

1. e4 e6 2. d4 d5 3. Nc3 Bb4 4. Nge2 dxe4 5. a3 Bxc3+ 6. Nxc3 Nc6 7. d5 exd5 8.
Qxd5 Be6 9. Qxe4 Nf6 10. Qa4 O-O 11. Bd3 Ne5 12. Be2 Bg4 13. f3 Bf5 14. Qf4
Bxc2 15. Qxe5 Re8 16. Qg5 Bd3 17. Kf2 Bxe2 18. Nxe2 c6 19. Re1 Qb6+ 20. Be3
Qxb2 21. Rab1 Qxa3 22. Rxb7 h6 23. Qc5 Qa6 24. Rbb1 Nd5 25. Bd4 Qa2 26. Rb2 Qa6
27. Rbb1 Qd3 28. Ng3 Nf4 29. Be3 Nd5 30. Qd4 Rxe3 31. Qxd3 Rxd3 32. Nf5 Rd2+
33. Kg3 a5 34. Rb7 a4 35. Ne7+ Nxe7 36. Rexe7 Rf8 37. Ra7 Ra2 38. Rec7 a3 39.
h4 Ra1 40. Rxc6 a2 41. Rc2 Re8 42. Rcxa2 Rxa2 43. Rxa2 h5 44. Ra5 g6 45. Kf4
Kg7 46. Ra7 Re6 47. Rb7 Rf6+ 48. Ke4 Re6+ 49. Kf4 Rf6+ 50. Kg3 Re6 51. Rc7 Rf6
1/2-1/2

[Event "Titled Tuesday 2021.12.14"]
[Site "chess.com INT"]
[Date "2021.12.14"]
[Round "2"]
[White "Manukian, Ar"]
[Black "Samsonkin, Artiom"]
[Result "0-1"]
[WhiteElo "2196"]
[BlackElo "2428"]
[PlyCount "54"]
[EventDate "2021.12.14"]
[EventType "swiss (blitz)"]
[EventRounds "11"]
[EventCountry "NET"]
[Source "Mark Crowther"]
[SourceDate "2021.12.20"]

1. e4 Nc6 2. Nf3 d5 3. exd5 Qxd5 4. Nc3 Qa5 5. d4 Nf6 6. d5 Nb4 7. Bc4 Bf5 8.
Bb5+ c6 9. dxc6 bxc6 10. Ba4 Rd8 11. Bd2 Qa6 12. a3 Nbd5 13. Qe2 Qxe2+ 14. Kxe2
Nxc3+ 15. Bxc3 Be4 16. Ne5 Rc8 17. f3 Bd5 18. Rhd1 e6 19. Kf2 Bc5+ 20. Bd4 Bd6
21. Nd3 O-O 22. Bxf6 gxf6 23. Bb3 c5 24. c4 Bc6 25. Bc2 f5 26. f4 Rfd8 27. g3
Be4 0-1

[Event "Titled Tuesday 2021.12.14"]
[Site "chess.com INT"]
[Date "2021.12.14"]
[Round "5"]
[White "Samsonkin, Artiom"]
[Black "Swicarz, M."]
[Result "1-0"]
[WhiteElo "2428"]
[BlackElo "2330"]
[PlyCount "37"]
[EventDate "2021.12.14"]
[EventType "swiss (blitz)"]
[EventRounds "11"]
[EventCountry "NET"]
[Source "Mark Crowther"]
[SourceDate "2021.12.20"]

1. e4 c6 2. d4 d5 3. e5 Bf5 4. h4 h5 5. Bd3 Bxd3 6. Qxd3 e6 7. Bg5 Qb6 8. Nc3
Nd7 9. Nf3 Ne7 10. O-O c5 11. Ne2 cxd4 12. Nexd4 Nc6 13. Nxe6 Ncxe5 14. Nxe5
Nxe5 15. Qxd5 Qxe6 16. Qb5+ Qd7 17. Qxe5+ Be7 18. Rad1 Qe6 19. Qxg7 1-0

[Event "Titled Tuesday 2021.12.14"]
[Site "chess.com INT"]
[Date "2021.12.14"]
[Round "6"]
[White "Janaszak, Daw"]
[Black "Samsonkin, Artiom"]
[Result "0-1"]
[WhiteElo "2333"]
[BlackElo "2428"]
[PlyCount "50"]
[EventDate "2021.12.14"]
[EventType "swiss (blitz)"]
[EventRounds "11"]
[EventCountry "NET"]
[Source "Mark Crowther"]
[SourceDate "2021.12.20"]

1. e4 c5 2. Nc3 e6 3. Nge2 d5 4. exd5 exd5 5. d4 Nf6 6. g3 Bg4 7. Bg2 cxd4 8.
Qxd4 Nc6 9. Qa4 Be7 10. h3 Bd7 11. O-O d4 12. Nxd4 Na5 13. Ndb5 a6 14. Nd6+
Bxd6 15. Re1+ Be7 16. Qb4 Be6 17. Qa4+ b5 18. Nxb5 axb5 19. Qxb5+ Bd7 20. Qe5
Nc6 21. Qc3 Rc8 22. Bh6 O-O 23. Bg5 Bb4 24. Qf3 Bxe1 25. Rxe1 Nd4 0-1

[Event "Titled Tuesday 2021.12.14"]
[Site "chess.com INT"]
[Date "2021.12.14"]
[Round "11"]
[White "Samsonkin, Artiom"]
[Black "Terry, R."]
[Result "0-1"]
[WhiteElo "2428"]
[BlackElo "2504"]
[PlyCount "108"]
[EventDate "2021.12.14"]
[EventType "swiss (blitz)"]
[EventRounds "11"]
[EventCountry "NET"]
[Source "Mark Crowther"]
[SourceDate "2021.12.20"]

1. e4 e6 2. d4 d5 3. Nc3 Bb4 4. Nge2 dxe4 5. a3 Be7 6. g4 f5 7. Nf4 Nc6 8. Bb5
g6 9. gxf5 exf5 10. d5 a6 11. Ba4 b5 12. Nxb5 axb5 13. Bxb5 Rb8 14. Bxc6+ Kf8
15. Be3 Nf6 16. Qd4 Bd6 17. O-O-O Rb6 18. Qc3 Ra6 19. Ne6+ Bxe6 20. dxe6 Qe7
21. Bd4 Kg7 22. h4 h5 23. Bd7 Rf8 24. Rhg1 Kh7 25. Bb5 Raa8 26. Bc4 Ng4 27. Kb1
Rfb8 28. Bb3 Qxh4 29. Rxg4 Qxg4 30. Rd2 h4 31. Bf6 h3 32. Rxd6 Kh6 33. Rd7 h2
34. Qd2+ f4 35. Bg7+ Kh5 36. Qd5+ Qf5 37. Qd1+ Qg4 38. Rd5+ g5 39. e7 Qxd1+ 40.
Rxd1 g4 41. Bf7+ Kh4 42. Bf6+ Kh3 43. Bd5 Ra6 44. Bxe4 Rxf6 45. Rd8 f3 46. Rxb8
h1=Q+ 47. Ka2 Re6 48. e8=Q Rxe8 49. Rxe8 Qe1 50. Bc6 Qxf2 51. Rh8+ Kg2 52. Rg8
g3 53. Rf8 Qe2 54. a4 Qc4+ 0-1

[Event "Titled Tuesday 2021.10.12"]
[Site "chess.com INT"]
[Date "2021.10.12"]
[Round "1"]
[White "Berezin, V UKR."]
[Black "Samsonkin, Artiom"]
[Result "0-1"]
[WhiteElo "2307"]
[BlackElo "2428"]
[PlyCount "62"]
[EventDate "2021.10.12"]
[EventType "swiss (blitz)"]
[EventRounds "11"]
[EventCountry "NET"]
[Source "Mark Crowther"]
[SourceDate "2021.10.18"]

1. d4 Nf6 2. Nf3 e6 3. c4 Bb4+ 4. Bd2 Qe7 5. g3 Nc6 6. Bg2 Bxd2+ 7. Qxd2 Ne4 8.
Qc2 Qb4+ 9. Nc3 Nxc3 10. Qxc3 Qxc3+ 11. bxc3 b6 12. Nd2 Bb7 13. O-O O-O 14. c5
Na5 15. cxb6 axb6 16. Nb3 Bxg2 17. Kxg2 Nc4 18. Rfb1 Ra3 19. Kf3 Rfa8 20. Ke4
d5+ 21. Kd3 Rxa2 22. e4 Kf8 23. f3 Ke7 24. Re1 Kd6 25. h4 R8a3 26. Rxa2 Rxa2
27. Re2 Ra3 28. Nd2 b5 29. Nb1 Ra1 30. Nd2 Rd1 31. Kc2 Rxd2+ 0-1

[Event "Titled Tuesday 2021.10.12"]
[Site "chess.com INT"]
[Date "2021.10.12"]
[Round "2"]
[White "Samsonkin, Artiom"]
[Black "Leenhouts, K."]
[Result "0-1"]
[WhiteElo "2428"]
[BlackElo "2413"]
[PlyCount "132"]
[EventDate "2021.10.12"]
[EventType "swiss (blitz)"]
[EventRounds "11"]
[EventCountry "NET"]
[Source "Mark Crowther"]
[SourceDate "2021.10.18"]

1. e4 c5 2. Nf3 e6 3. Nc3 Nc6 4. Bb5 Nd4 5. O-O a6 6. Bd3 Nxf3+ 7. Qxf3 d6 8.
b3 Ne7 9. Bb2 Ng6 10. Ne2 Be7 11. Ng3 O-O 12. Nh5 e5 13. Qe2 Bg5 14. Bc4 Be6
15. Bxe6 fxe6 16. Qg4 Qe7 17. g3 Bxd2 18. Rad1 Bh6 19. f4 exf4 20. gxf4 e5 21.
f5 Nf4 22. c4 Rad8 23. Kh1 Qg5 24. Qxg5 Bxg5 25. Nxf4 Bxf4 26. Rd5 Be3 27. Rfd1
Bd4 28. Bxd4 exd4 29. Kg2 Rfe8 30. Kf3 Re5 31. b4 b6 32. bxc5 Rxd5 33. cxd5
bxc5 34. Kf4 Kf7 35. Rb1 c4 36. e5 dxe5+ 37. Kxe5 d3 38. Kd4 d2 39. Kxc4 Rc8+
40. Kd3 Rc1 41. Rb7+ Kf6 42. Kxd2 Rc5 43. d6 Rd5+ 44. Ke3 Rxd6 45. a4 Rd5 46.
Rb6+ Kxf5 47. Rxa6 g5 48. a5 Rb5 49. Kd4 Rb2 50. h3 Rb3 51. Rb6 Rxh3 52. a6 Ra3
53. Kc4 h5 54. Rb5+ Kf4 55. Rb6 h4 56. Kb4 Ra1 57. Rf6+ Kg4 58. Rd6 Rb1+ 59.
Ka5 Ra1+ 60. Kb6 h3 61. Rd5 Rxa6+ 62. Kxa6 h2 63. Rd1 Kg3 64. Kb5 Kg2 65. Kc4
h1=Q 66. Rd2+ Kg3 0-1

[Event "Titled Tuesday 2021.10.12"]
[Site "chess.com INT"]
[Date "2021.10.12"]
[Round "3"]
[White "Ljukin, S."]
[Black "Samsonkin, Artiom"]
[Result "0-1"]
[WhiteElo "2362"]
[BlackElo "2428"]
[PlyCount "72"]
[EventDate "2021.10.12"]
[EventType "swiss (blitz)"]
[EventRounds "11"]
[EventCountry "NET"]
[Source "Mark Crowther"]
[SourceDate "2021.10.18"]

1. e4 c5 2. Nf3 d6 3. d4 cxd4 4. Nxd4 Nf6 5. Nc3 a6 6. Bg5 Nbd7 7. Qe2 h6 8.
Bd2 g6 9. f4 Qc7 10. Nf3 e5 11. Nd5 Nxd5 12. exd5 Bg7 13. fxe5 Nxe5 14. Nxe5
Bxe5 15. Bc3 O-O 16. Bxe5 dxe5 17. O-O-O Bf5 18. g4 Bd7 19. Kb1 Rac8 20. Bg2
Rfe8 21. Rhf1 Bb5 22. Qd2 Bxf1 23. Rxf1 e4 24. c3 e3 25. Qe2 Qxh2 26. Qf3 Rf8
27. Rh1 Qe5 28. Re1 Rce8 29. Re2 Kg7 30. c4 f5 31. gxf5 Rxf5 32. Qg4 Rf2 33. c5
Rxe2 34. Qxe2 Qf5+ 35. Ka1 Qf2 36. Qg4 Qe1+ 0-1

[Event "Titled Tuesday 2021.10.12"]
[Site "chess.com INT"]
[Date "2021.10.12"]
[Round "4"]
[White "Samsonkin, Artiom"]
[Black "Mezentsev, Iv"]
[Result "1-0"]
[WhiteElo "2428"]
[BlackElo "2354"]
[PlyCount "61"]
[EventDate "2021.10.12"]
[EventType "swiss (blitz)"]
[EventRounds "11"]
[EventCountry "NET"]
[Source "Mark Crowther"]
[SourceDate "2021.10.18"]

1. e4 c5 2. Nf3 e6 3. Nc3 a6 4. d4 cxd4 5. Nxd4 Qc7 6. Bd3 Nf6 7. Qe2 d6 8. f4
Nc6 9. Nxc6 bxc6 10. e5 Nd5 11. O-O Be7 12. Kh1 O-O 13. Bd2 Rb8 14. b3 f5 15.
exf6 Bxf6 16. Nxd5 cxd5 17. Rae1 e5 18. c4 d4 19. fxe5 dxe5 20. Qh5 g6 21. Qe2
Bb7 22. Bh6 Bg7 23. Rxf8+ Rxf8 24. Bxg7 Qxg7 25. c5 Re8 26. Be4 h6 27. c6 Bc8
28. h3 Kh7 29. Qd3 Qf6 30. Rf1 Qd6 31. Bxg6+ 1-0

[Event "Titled Tuesday 2021.10.12"]
[Site "chess.com INT"]
[Date "2021.10.12"]
[Round "6"]
[White "Karpeshov, O."]
[Black "Samsonkin, Artiom"]
[Result "0-1"]
[WhiteElo "2294"]
[BlackElo "2428"]
[PlyCount "40"]
[EventDate "2021.10.12"]
[EventType "swiss (blitz)"]
[EventRounds "11"]
[EventCountry "NET"]
[Source "Mark Crowther"]
[SourceDate "2021.10.18"]

1. d4 Nf6 2. c4 e6 3. Nc3 Bb4 4. e3 O-O 5. Nge2 d5 6. a3 Bd6 7. cxd5 exd5 8. g3
c6 9. Bg2 Re8 10. O-O Bf5 11. f3 Qd7 12. g4 Bxg4 13. fxg4 Nxg4 14. Nf4 Nxe3 15.
Bxe3 Rxe3 16. Qd2 Qe7 17. Nfxd5 cxd5 18. Nxd5 Qh4 19. Qxe3 Bxh2+ 20. Kh1 Bg3+
0-1

[Event "Titled Tuesday 2021.09.28"]
[Site "chess.com INT"]
[Date "2021.09.28"]
[Round "2"]
[White "Samsonkin, Artiom"]
[Black "Silva, Kevin Ranidu"]
[Result "1-0"]
[WhiteElo "2428"]
[BlackElo "1904"]
[PlyCount "69"]
[EventDate "2021.09.28"]
[EventType "swiss (blitz)"]
[EventRounds "11"]
[EventCountry "NET"]
[Source "Mark Crowther"]
[SourceDate "2021.10.04"]

1. e4 g6 2. d4 Bg7 3. Nc3 d6 4. f4 a6 5. Nf3 b5 6. Bd3 Bb7 7. O-O Nd7 8. a4 b4
9. Ne2 c5 10. c3 a5 11. Ng3 e6 12. f5 exf5 13. exf5 Ne7 14. Bg5 f6 15. Bf4 Qb6
16. Qe2 Bf8 17. Ne4 Bxe4 18. Qxe4 O-O-O 19. cxb4 gxf5 20. Qe6 Ng6 21. bxc5 Nxf4
22. Qxf5 dxc5 23. Qxf4 Bd6 24. Qf5 Kb8 25. Bb5 Qa7 26. Rac1 cxd4 27. Kh1 Be5
28. Rc6 Rhg8 29. Rfc1 Rc8 30. Nxe5 fxe5 31. h3 Nc5 32. R1xc5 Rxc6 33. Rxc6 Qb7
34. Qxe5+ Ka8 35. Ra6+ 1-0

[Event "Titled Tuesday 2021.09.28"]
[Site "chess.com INT"]
[Date "2021.09.28"]
[Round "4"]
[White "Samsonkin, Artiom"]
[Black "Estrada Nieto, Julian"]
[Result "1-0"]
[WhiteElo "2428"]
[BlackElo "2280"]
[PlyCount "109"]
[EventDate "2021.09.28"]
[EventType "swiss (blitz)"]
[EventRounds "11"]
[EventCountry "NET"]
[Source "Mark Crowther"]
[SourceDate "2021.10.04"]

1. e4 e5 2. Nf3 Nc6 3. d4 exd4 4. Bc4 Bc5 5. Ng5 Nh6 6. Nxf7 Nxf7 7. Bxf7+ Kxf7
8. Qh5+ g6 9. Qxc5 d5 10. O-O dxe4 11. c3 Qd6 12. Qxd6 cxd6 13. cxd4 Nxd4 14.
Nc3 Bf5 15. Bh6 Nc6 16. h3 Ne5 17. g4 Bd7 18. Nxe4 Bc6 19. f4 Nf3+ 20. Rxf3
Bxe4 21. Rb3 Rac8 22. Re1 Rhe8 23. Kf2 Rc2+ 24. Kg3 b6 25. a4 d5 26. a5 bxa5
27. Bg5 Rc7 28. h4 Kg7 29. h5 h6 30. Bh4 gxh5 31. gxh5 Kf7 32. Kf2 Rg8 33. Ke3
Rg4 34. Bd8 Rd7 35. Bxa5 Rg3+ 36. Kd4 Rxb3 37. Rg1 Rd3+ 38. Ke5 Re7+ 39. Kd6
Bf5 40. Bc3 d4 41. Bb4 Rd7+ 42. Ke5 Be6 43. f5 Re3+ 44. Kf4 Bd5 45. Bc5 Rf3+
46. Kg4 d3 47. Rd1 Kf6 48. Bd4+ Kf7 49. f6 Ke6 50. Re1+ Kd6 51. Be5+ Kc6 52.
Rc1+ Kb5 53. Bd4 Bc4 54. Bc3 Bb3 55. Kxf3 1-0

[Event "Titled Tuesday 2021.09.28"]
[Site "chess.com INT"]
[Date "2021.09.28"]
[Round "7"]
[White "Samsonkin, Artiom"]
[Black "Niedbala, Bartlomiej"]
[Result "0-1"]
[WhiteElo "2428"]
[BlackElo "2380"]
[PlyCount "68"]
[EventDate "2021.09.28"]
[EventType "swiss (blitz)"]
[EventRounds "11"]
[EventCountry "NET"]
[Source "Mark Crowther"]
[SourceDate "2021.10.04"]

1. e4 e6 2. d4 d5 3. Nc3 Bb4 4. Nge2 Nf6 5. e5 Nfd7 6. Qd3 b6 7. Qg3 Kf8 8. a3
Be7 9. Nf4 c5 10. Nh5 g6 11. Bh6+ Kg8 12. dxc5 Bh4 13. Qf4 gxh5 14. g3 Be7 15.
h4 Bf8 16. Bg5 Qc7 17. Bf6 h6 18. Bxh8 Kxh8 19. O-O-O Qxe5 20. Qxf7 Qf6 21.
Qxh5 Nxc5 22. f4 Nc6 23. Bg2 Bd7 24. Rhe1 Be8 25. Qf3 Rc8 26. Kb1 Bg6 27. g4
Nd4 28. Rxd4 Qxd4 29. f5 exf5 30. gxf5 Bf7 31. Nxd5 Na4 32. c3 Qd2 33. Re2 Qd1+
34. Ka2 Rxc3 0-1

[Event "Titled Tuesday 2021.08.24"]
[Site "chess.com INT"]
[Date "2021.08.24"]
[Round "2"]
[White "Samsonkin, Artiom"]
[Black "Temirkanov, D."]
[Result "1-0"]
[WhiteElo "2428"]
[BlackElo "2282"]
[PlyCount "111"]
[EventDate "2021.08.24"]
[EventType "swiss (blitz)"]
[EventRounds "11"]
[EventCountry "NET"]
[Source "Mark Crowther"]
[SourceDate "2021.08.30"]

1. e4 Nc6 2. Nf3 f5 3. exf5 d5 4. d4 Bxf5 5. Bd3 Bg4 6. h3 Bxf3 7. Qxf3 Nf6 8.
c3 e5 9. dxe5 Nxe5 10. Qe2 Qe7 11. O-O O-O-O 12. Bf5+ Kb8 13. Bf4 Re8 14. Nd2
Nc6 15. Qf3 g6 16. Bd3 Ne5 17. Qe2 Nxd3 18. Qxd3 Qd7 19. Nf3 Bd6 20. Be3 Ne4
21. Rad1 c6 22. c4 dxc4 23. Qxc4 Qc7 24. Nd4 Rhf8 25. Ne6 Qf7 26. Qxe4 Rxe6 27.
Qa4 a6 28. Qd4 c5 29. Qd5 Qf5 30. Qxf5 Rxf5 31. Rfe1 Kc7 32. g4 Rf7 33. Kg2 b6
34. Bxc5 Rxe1 35. Bxd6+ Kc6 36. Rxe1 Kxd6 37. Re3 g5 38. Rd3+ Kc6 39. Rf3 Rd7
40. Rf5 Rd2 41. Rxg5 Rxb2 42. Rh5 b5 43. Rxh7 b4 44. g5 Rxa2 45. g6 Ra5 46. h4
Re5 47. g7 Re7 48. g8=Q Rxh7 49. Qxh7 a5 50. h5 Kb5 51. h6 a4 52. Qf5+ Kc4 53.
h7 Kb3 54. h8=Q a3 55. Qd3+ Ka2 56. Qc2# 1-0

[Event "Titled Tuesday 2021.07.20"]
[Site "chess.com INT"]
[Date "2021.07.20"]
[Round "11"]
[White "Samsonkin, Artiom"]
[Black "Zierk, Steven"]
[Result "1-0"]
[WhiteElo "2428"]
[BlackElo "2488"]
[PlyCount "47"]
[EventDate "2021.07.20"]
[EventType "swiss (blitz)"]
[EventRounds "11"]
[EventCountry "NET"]
[Source "Mark Crowther"]
[SourceDate "2021.07.26"]

1. e4 e6 2. d4 d5 3. Nc3 Bb4 4. Nge2 dxe4 5. a3 Bxc3+ 6. Nxc3 Nc6 7. d5 exd5 8.
Qxd5 Be6 9. Qxe4 Nf6 10. Qh4 Qe7 11. Be3 O-O-O 12. Be2 Nd5 13. Qxe7 Ncxe7 14.
Nxd5 Nxd5 15. Bd2 Bf5 16. O-O-O Rhe8 17. Rhe1 Nf6 18. f3 Nd5 19. Bc4 Be6 20.
Bg5 Rd6 21. Bxd5 h6 22. Bxe6+ Rexe6 23. Rxe6 Rxe6 24. Rd8# 1-0

[Event "Titled Tuesday 2021.07.13"]
[Site "chess.com INT"]
[Date "2021.07.13"]
[Round "5"]
[White "Peralta, E."]
[Black "Samsonkin, Artiom"]
[Result "1-0"]
[WhiteElo "2218"]
[BlackElo "2428"]
[PlyCount "85"]
[EventDate "2021.07.13"]
[EventType "swiss (blitz)"]
[EventRounds "11"]
[EventCountry "NET"]
[Source "Mark Crowther"]
[SourceDate "2021.07.19"]

1. d4 Nf6 2. c4 e6 3. Nc3 Bb4 4. e3 O-O 5. Nge2 d5 6. a3 Bd6 7. cxd5 exd5 8.
Nb5 Be7 9. Ng3 c6 10. Nc3 Re8 11. Be2 Bd6 12. O-O a5 13. Bd2 Na6 14. Rc1 Bd7
15. Bd3 g6 16. Qb3 b5 17. e4 a4 18. Qa2 b4 19. Nxa4 Nxe4 20. Nxe4 dxe4 21. Bc4
Be6 22. Bxe6 Rxe6 23. Be3 Nc7 24. Nc5 Rb8 25. Nxe6 Nxe6 26. Rxc6 b3 27. Qb1 f5
28. Qc1 Qd7 29. d5 Nd8 30. Rxd6 Qxd6 31. Bf4 Qb6 32. Bxb8 Qxb8 33. Qc4 Nf7 34.
d6 Qxd6 35. Qxb3 f4 36. Rd1 Qe5 37. Qc3 Qe6 38. Rc1 Nd6 39. a4 f3 40. gxf3 exf3
41. Qxf3 Nf5 42. Qc6 Qe5 43. Qc8+ 1-0

[Event "Titled Tuesday 2021.07.13"]
[Site "chess.com INT"]
[Date "2021.07.13"]
[Round "8"]
[White "Samsonkin, Artiom"]
[Black "Alavkin, Arseny"]
[Result "0-1"]
[WhiteElo "2428"]
[BlackElo "2376"]
[PlyCount "102"]
[EventDate "2021.07.13"]
[EventType "swiss (blitz)"]
[EventRounds "11"]
[EventCountry "NET"]
[Source "Mark Crowther"]
[SourceDate "2021.07.19"]

1. e4 e6 2. d4 d5 3. Nc3 Bb4 4. Nge2 dxe4 5. a3 Be7 6. Nxe4 Nf6 7. Nxf6+ Bxf6
8. Be3 b6 9. Qd2 Bb7 10. O-O-O Nd7 11. Ng3 Qe7 12. Nh5 O-O-O 13. Be2 Bxg2 14.
Rhg1 Bb7 15. Nxg7 Rhg8 16. Nh5 Bh8 17. Bg5 f6 18. Bh4 Qf7 19. Qf4 Rdf8 20. Rxg8
Qxg8 21. Bc4 e5 22. dxe5 fxe5 23. Bxg8 exf4 24. Be6 Bc6 25. Bg5 Be5 26. Re1 Bd6
27. Nf6 h6 28. Nxd7 Bxd7 29. Bxh6 Rh8 30. Bg5 Rxh2 31. f3 Bxe6 32. Rxe6 Rf2 33.
Rf6 Rxf3 34. Kd2 Rf1 35. Kd3 Kb7 36. Rf7 Rf2 37. b4 b5 38. c4 Rf3+ 39. Ke4 Re3+
40. Kd4 bxc4 41. Bxf4 Rf3 42. Ke4 Rxf4+ 43. Rxf4 Bxf4 44. Kxf4 Kb6 45. Ke4 Kb5
46. Kd4 Ka4 47. Kxc4 Kxa3 48. b5 Ka4 49. Kc5 Ka5 50. Kc4 Ka4 51. Kc5 Kb3 0-1